00944nam a22002297a 4500003000500000005001700005008004100022010001000063011001000073035001000083040000900093082001600102100003300118245010900151260010300260300001700363490002200380505024200402650002400644650002400668830002200692CHAP20220817042245.0971013s1932 r 00010 d a38857 a39829 a43954 cCHAP a972.08bM6500aMolina Enríquez, Andrés. aEsbozo de la historia de los primeros diaz años de la revolución agraria en México, de 1910 a 1920 aMéxico, D.F. :bTalleres Gráficos del Museo Nacional de Arqueología y Etnografía,c1932-36 a5 v.b: ilus aEdición popular aContenido: v.1 Aspectos indios de la historia de México.- v.2 Aspectos criollos de la historia de México.- v.3 Aspectos mestizos de la historia de México.- v.4 La dictadura porfiriana.- v.5 El principio de la verdadera revolución14aIndios de México.14aMéxicoxHistoria.0 aEdición popular